000 00430nam a22001697a 4500
003 MPLRDC
005 20220104123622.0
008 210129b ||||| |||| 00| 0 eng d
082 _a046 TYN
100 _a唐燕能、朱坚劲著
245 _a黑色悬念: 名人死亡之谜
_c
250 _a初版
260 _a
_b中原出版社
_c1990
300 _b
650 _a类书; 百科全书--杂录
942 _cBK
_o046 TYN
999 _c12847
_d12837